Capacity development in practice / (Record no. 5240)

MARC details
000 -LEADER
fixed length control field 02030cam a2200229 4500
001 - CONTROL NUMBER
control field 6201
010 ## - LIBRARY OF CONGRESS CONTROL NUMBER
LC control number 2009053544
020 ## - INTERNATIONAL STANDARD BOOK NUMBER
International Standard Book Number 9781844077427 (pbk.)
100 ## - MAIN ENTRY--PERSONAL NAME
Personal name Ubels, Jan.
Numeration
Titles and words associated with a name
Dates associated with a name
Relator term
Fuller form of name
245 00 - TITLE STATEMENT
Title Capacity development in practice /
Statement of responsibility, etc. edited by Jan Ubels, Naa-Aku Acquaye-Baddoo and Alan Fowler.
260 ## - PUBLICATION, DISTRIBUTION, ETC.
Place of publication, distribution, etc. London ;
-- Washington, DC :
Name of publisher, distributor, etc. Earthscan,
Date of publication, distribution, etc. 2010.
300 ## - PHYSICAL DESCRIPTION
Extent xxii, 338 p. :
Other physical details ill. ;
Dimensions 25 cm.
504 ## - BIBLIOGRAPHY, ETC. NOTE
Bibliography, etc. note Includes bibliographical references and index.
505 0# - FORMATTED CONTENTS NOTE
Formatted contents note Multiple dimensions / Alan Fowler, Jan Ubels -- Multiple actors / Jim Woodhill -- Multiple levels / Hendrik Visser -- Advisor's roles / Douglas Champion, David Kiel, Jean McLendon -- Thematic and change expertise / Naa-Aku Acquaye-Baddoo -- Ownership, authority and conflict / Joe McMahon -- Whose values count? / Rajesh Tandon -- Organization development as a source / Ingrid Richter -- 'Reading' situations / Catherine Collingwood -- Dialogue / Marianne Bjer -- Institutions, power and politics / Niels Boeson -- Public accountability / Rakesh Rajani -- The micro-macro gap / Jan Ubels, Rinus van Klinken, Hendrik Visser -- Working with value chains / Duncan Mwesige -- Engaging with community-based organizations / Schirin Yachkaschi -- Leadership development / Brigitte Dia and Jan Willem Eggink -- Knowledge networking / Geoff Parcell -- Measuring capacity development / David Watson -- Time matters / Heinz Greijn and Alan Fowler -- Self-reflection / Bruce Britton -- Accountability and learning / Irene Guijt -- Taking stock / Jan Ubels, Alan Fowler, Naa-Aku Acaquaye Baddoo -- A capacity development market? / Jan Ubels -- Becoming professional / Naa-Aku Acquaye Baddoo, Jan Ubels, Alan Fowler.
650 #0 - SUBJECT ADDED ENTRY--TOPICAL TERM
Topical term or geographic name entry element Economic assistance
Geographic subdivision Developing countries.
Topical term or geographic name entry element Economic development
Geographic subdivision Developing countries.
Topical term or geographic name entry element Institution building
Geographic subdivision Developing countries.
Topical term or geographic name entry element Technical assistance
Geographic subdivision Developing countries.
700 1# - ADDED ENTRY--PERSONAL NAME
Personal name Acquaye-Baddoo, Naa-Aku.
Personal name Fowler, Alan,
Dates associated with a name 1947-
Personal name Ubels, Jan,
Dates associated with a name 1956-
Holdings
Withdrawn status Lost status Source of classification or shelving scheme Damaged status Not for loan Collection code Home library Current library Shelving location Date acquired Serial Enumeration / chronology Inventory number Total Checkouts Full call number Barcode Date last seen Price effective from Koha item type
    Dewey Decimal Classification     Main TEST RTC Library RTC Library Main opac 27/11/2018 9887   338.9 UBE 30010039 27/11/2018 27/11/2018 Main
Royal Thimphu College || All Right Reserved